| 000 | 00840cam a22002534a 4500 | ||
|---|---|---|---|
| 999 |
_c7913 _d7913 |
||
| 001 | 16592438 | ||
| 003 | OSt | ||
| 005 | 20200129113625.0 | ||
| 008 | 101228s2012 njua b 001 0 eng | ||
| 020 | _a9788131761649 | ||
| 040 | _coclc | ||
| 082 | 0 | 0 |
_a658.403 _bREN/Q |
| 100 |
_aRender, Barry _91594 |
||
| 245 | 1 | 0 |
_aQuantitative analysis for management / _cBarry Render ; Ralph M Stair ; T N Badri |
| 250 |
_a11th ed. _bBarry Render, Ralph M. Stair, Jr., Michael E. Hanna. |
||
| 260 |
_aDelhi: _bPearson Prentice Hall, _cc2012. |
||
| 300 | _a665p | ||
| 504 | _aIncludes bibliographical references and index. | ||
| 650 | 0 | _aManagement science. | |
| 650 | 0 | _aOperations research. | |
| 700 | 1 |
_aStair, Ralph M. _91654 |
|
| 700 | 1 |
_aHanna, Michael E. _91655 |
|
| 942 |
_2ddc _cBK _h658.403 _iREN/Q _k658.403 _mREN/Q |
||